000 00602nam a22002057a 4500
003 OSt
005 20230707090856.0
008 230707b |||||||| |||| 00| 0 eng d
020 _a9781665701082
040 _cNIRUC
_dNIRUC
050 _aHV 6773.15.C97
_b. R33 2021
100 _aRadcliff, Deb
_eauthor.
245 _aBreaking backbones :
_binformation is power: Book 1 of the hacker trilogy /
_cby, Deb Radcliff.
260 _aBloomington :
_bArchway Publishing,
_c2021.
300 _a181p, :
_c22 cm.
650 _2Computer crime
650 _2Cyberterrorism
650 _2Murder
942 _2lcc
_cBK
_n0
999 _c509
_d509